ARTE VERBAL, SIGNO VERBAL, TIEMPO VERBAL (Registro nro. 57381)
[ vista simple ]
| 000 -LEADER | |
|---|---|
| fixed length control field | 01051nam a2200229 a 4500 |
| 001 - CONTROL NUMBER | |
| control field | 57381 |
| 005 - DATE AND TIME OF LATEST TRANSACTION | |
| control field | 20180714053540.0 |
| 008 - FIXED-LENGTH DATA ELEMENTS--GENERAL INFORMATION | |
| fixed length control field | 140415s1992 mx 000 0 spa d |
| 020 ## - INTERNATIONAL STANDARD BOOK NUMBER | |
| International Standard Book Number | 9681637062 |
| 041 ## - LANGUAGE CODE | |
| Language code of text/sound track or separate title | spa |
| 082 ## - DEWEY DECIMAL CLASSIFICATION NUMBER | |
| Classification number | 418 |
| Item number | JAK |
| 100 1# - MAIN ENTRY--PERSONAL NAME | |
| Personal name | JAKOBSON, ROMAN |
| 245 10 - TITLE STATEMENT | |
| Title | ARTE VERBAL, SIGNO VERBAL, TIEMPO VERBAL |
| 250 ## - EDITION STATEMENT | |
| Edition statement | 1a ed. |
| 260 ## - PUBLICATION, DISTRIBUTION, ETC. | |
| Place of publication, distribution, etc. | MEXICO : |
| Name of publisher, distributor, etc. | FONDO DE CULTURA ECONOMICA, |
| Date of publication, distribution, etc. | 1992 |
| 300 ## - PHYSICAL DESCRIPTION | |
| Extent | 193 |
| Dimensions | 13.5 x 1.4 x 21 |
| 490 ## - SERIES STATEMENT | |
| Series statement | COLECCION TIERRA FIRME |
| 520 ## - SUMMARY, ETC. | |
| Summary, etc. | COMO GRAN VANGUARDISTA Y ESTUDIOSO DE LA LINGUISTICA, ROMAN JAKOBSON NOS PRESENTA EL TEMA QUE MAS LE PREOCUPŇ Y LE APASIONŇ DESDE SUS TIEMPOS DE ESTUDIANTE Y QUE PERMANECIŇ DURANTE TODA SU VIDA: LA POESĚA, EL ARS POETICA. EN ESTA OBRA EXPLICAN DIVERSOS ASPECTOS DE LA POETICA QUE MUESTRAN EL EXTENSO CAMPO DE INVESTIGACIŇN Y LAS VARIANTES QUE OFRECE ESA DISCIPLINA. |
| 650 14 - SUBJECT ADDED ENTRY--TOPICAL TERM | |
| Topical term or geographic name entry element | LINGUISTICA APLICADA |
| General subdivision | LITERATURA |
| -- | HISTORIA Y CRITICA |
| -- | POETICA |
| 700 1# - ADDED ENTRY--PERSONAL NAME | |
| Personal name | MANSOUR, MONICA |
| Relator term | tr. |
| 740 ## - ADDED ENTRY--UNCONTROLLED RELATED/ANALYTICAL TITLE | |
| Uncontrolled related/analytical title | VERBAL ART, VERBAL SIGN, VERBAL TIME |
| Withdrawn status | Lost status | Source of classification or shelving scheme | Damaged status | Not for loan | Collection code | Home library | Current library | Shelving location | Date acquired | Source of acquisition | Inventory number | Total Checkouts | Full call number | Barcode | Date last seen | Price effective from | Koha item type |
|---|---|---|---|---|---|---|---|---|---|---|---|---|---|---|---|---|---|
| Dewey Decimal Classification | General | Biblioteca Karol Wojtyla | Biblioteca Karol Wojtyla | Sala general | 03/12/2013 | Compra | 151000000000000000042281 | 418 JAK | 86709 | 05/01/2026 | 03/12/2013 | Libro |